000 00500cam a22002054a 4500
005 20250605164308.0
008 250528s ||||||||||||||||||||||||d
035 _a22348
020 _a9799606611239
040 _aGR-AtMCL
_bgre
_dGR-AtMCL
_eAACR2
245 1 _aΓΕΦΥΡΕΣ
250 _a1
260 _bΚαρακωτσογλου,
_c2005
300 _a192
700 1 _aFaraggiana Giorgio
_98200
700 1 _aPerino Angia Sassi
_98201
942 _cBK
999 _c7401
_d7401